| 000 | 01243cam a2200349 i 4500 | ||
|---|---|---|---|
| 999 |
_c200453603 _d71815 |
||
| 003 | TR-AnTOB | ||
| 005 | 20230823100956.0 | ||
| 007 | ta | ||
| 008 | 221130s2021 tu 001 0 tur d | ||
| 020 | _a9786059437479 | ||
| 040 |
_aTVK _beng _erda _cTVK _dTR-AnTOB |
||
| 041 | 0 | _atur | |
| 050 | 4 |
_aBP75.27 _b.A63 2021 |
|
| 090 |
_aBP75.27 _b.A63 2021 |
||
| 100 | 1 |
_aApak, Adem _eauthor _9100993 |
|
| 245 | 1 | 0 |
_aHz. Peygamber döneminde müşriklerle ilişkiler / _cProf. Dr. Adem Apak, Prof. Dr. Adnan Demircan ; editör Prof. Dr. Mustafa Çağrıcı. |
| 250 | _aBirinci Basım | ||
| 264 | 1 |
_aİstanbul : _bİstanbul 29 Mayıs Üniversitesi Kur’an Araştırmaları Merkezi (KURAMER), _c2021. |
|
| 300 |
_a440 pages ; _c24 cm |
||
| 336 |
_atext _btxt _2rdacontent |
||
| 337 |
_aunmediated _bn _2rdamedia |
||
| 338 |
_avolume _bnc _2rdacarrier |
||
| 490 | 0 |
_aKURAMER Yayınları ; _v51 _aSiret Serisi ; _v4 |
|
| 504 | _aBIBINDX | ||
| 600 | 0 | 0 |
_aMuhammed, _cPeygamber, _d-632 _9122735 |
| 650 | 7 |
_aAraplar _xTarih _y622-661 _2etuturkob _930921 |
|
| 650 | 0 |
_aİslam _xTarih _y622-661 _949892 |
|
| 700 | 1 |
_aDemircan, Adnan _eauthor _9128683 |
|
| 700 | 1 |
_aÇağrıcı, Mustafa, _d1950- _eeditor _9117246 |
|
| 942 |
_2lcc _cBK |
||